LEADER 01427nam a2200277 u 4500 001 000000074937 003 CaOOAMICUS 005 20070226123039.0 008 021219s1985 stk u000 u eng u 035 $a10949389 040 $aPUL$bita 100 1 $aSmith, John Merlin Powis,$d1866-1932.$0(OLS)http://pul/name/24596 245 12$aA critical and exegetical commentary on Micah, Zephaniah, Nahum, Habakkuk, Obadiah and Joel /$cby John Merlin Powis Smith ..., William Hayes Ward ..., Julius A. Bewer .. 260 $aEdinburgh :$bClark,$cstampa1985. 300 $a3 v. in 1 ;$c22 cm 490 1 $aInternational critical commentary on the Holy Scriptures of the Old and New Testaments 500 $aComprende indici. 700 1 $aBewer, Julius August,$dn. 1877.$0(OLS)http://pul/name/24598 700 1 $aWard, William Hayes,$d1835-1916.$0(OLS)http://pul/name/24597 830 0$aInternational critical commentary on the Holy Scriptures of the Old and New Testaments.$0(OLS)http://pul/title/41926 850 $aPUL 852 $aPUL$W1$xDP1 Altre Collocazioni$y17$mSenza collocazione$j12$nBK-PRI$b $qStampati$B96544$CPULBib$Z2$F96544 $H $81 941 1 $a8 961 $aINV: 88288 996 $6245$aA critical and exegetical commentary on Micah, Zephaniah, Nahum, Habakkuk, Obadiah and Joel$9(OLS)http://pul/title/41983 996 $6260$aEdinburgh :$bClark$9(OLS)http://pul/publisher/59963 LEADER 01268nam a2200325 u 4500 001 000000077833 003 CaOOAMICUS 005 20070226123350.0 008 040304s1995 it u000 u ita u 020 $a8807101807 035 $a10986036 040 $aPUL$bita 041 1 $aita$heng 100 1 $aNozick, Robert.$0(OLS)http://pul/name/51743 240 10$aNature of rationality.$lItaliano.$0(OLS)http://pul/title/102051 245 13$aLa natura della razionalità /$cRobert Nozick ; traduzione di Rodolfo Rini. 260 $aMilano :$bFeltrinelli,$c1995. 300 $a284 p. ;$c23 cm 490 1 $aFilosofia 490 1 $aCampi del sapere/ Feltrinelli 500 $aContiene indici. 504 $aBibliografia in appendice. 830 0$aCampi del sapere (Feltrinelli).$0(OLS)http://pul/title/20268 830 0$aFilosofia (Feltrinelli).$0(OLS)http://pul/title/102053 850 $aPUL 852 $aPUL$W1$xSL Filosofia 1$y2$m96 O 7$j99925$nBK-PRI$b $qStampati$B99925$CPULBib$Z2$F99925 $HPUL92572 $81 941 1 $a8 996 $6020$a8807101807$9(OLS)http://pul/number/102094 996 $6245$aLa natura della razionalità$9(OLS)http://pul/title/102052 996 $6260$aMilano :$bFeltrinelli$9(OLS)http://pul/publisher/48846